000
00468nam a2200145Ia 4500
008
090122s9999 xx 000 0 und d
082
_b
7521
_a
616
100
_a
गाला
_b
ध
_c
रा
245
_a
पाठदुखी तुला राम राम
600
_a
गाला
630
_a
पाठदुखी तुला राम राम
700
_a
गाला
730
_a
पाठदुखी तुला राम राम
942
_c
BOOK
999
_c
31598
_d
31598